| 000 | 00662nam a2200205Ii 4500 | ||
|---|---|---|---|
| 003 | JO-AjNU | ||
| 008 | 230606s9999||||xx |||||||||||||| ||und|| | ||
| 020 | _a0-324-37467-4 | ||
| 040 |
_aJO-AjNU _beng _erda _cJO-AjNU |
||
| 041 | _aeng | ||
| 050 | 1 | 4 | _aHF5636 .I542 2007 |
| 100 | 3 |
_aAlbright,Thomas L / Ingram,Robert W, _eauthor _91742 |
|
| 245 | 0 | 0 | _aFinancial Accounting : With Journal Entries |
| 264 | 3 | 1 | _aAustralia: Thomson South-Western,2007 |
| 300 |
_a603p _bIncludes appendix indexes(pages565-603) |
||
| 336 |
_atext _btxt _2rdacontent |
||
| 337 |
_aunmediated _bn _2rdamedia |
||
| 338 |
_avolume _bnc _2rdacarrier |
||
| 650 | 4 |
_aFinancial Accounting _91743 |
|
| 999 |
_aE919 _c919 _d919 |
||